| 000 | 00602nam a2200217Ia 4500 | ||
|---|---|---|---|
| 003 | OSt | ||
| 005 | 20220928135625.0 | ||
| 006 | a|||||r|||| 00| 0 | ||
| 007 | ta | ||
| 008 | 220927b |||||||| |||| 00| 0 eng d | ||
| 024 | _a4012 | ||
| 037 | _cTextual | ||
| 040 |
_aSDCL _cSDCL _beng |
||
| 041 |
_2eng _aeng |
||
| 082 | _aO-,1M6:g(Q:34), L7 | ||
| 100 |
_aNalbantian Suzanne _9492214 |
||
| 245 | 0 |
_aSymbol of the soul from Holderlin to Yeats _b A study in metonymy |
|
| 260 | _c1977 | ||
| 942 |
_hO-,1M6:g(Q:34), L7 _cTEXL _2CC |
||
| 999 |
_c807712 _d807712 |
||